The secrets of the kingdom. (Record no. 7351)

MARC details
000 -LEADER
fixed length control field 00727cam a22002411 4500
001 - CONTROL NUMBER
control field 9791943
003 - CONTROL NUMBER IDENTIFIER
control field GBCCL
005 - DATE AND TIME OF LATEST TRANSACTION
control field 20241126110625.0
008 - FIXED-LENGTH DATA ELEMENTS--GENERAL INFORMATION
fixed length control field 761117s1954 paua 000 0 eng
010 ## -
-- 54007083
035 ## - SYSTEM CONTROL NUMBER
System control number (OCoLC)2564209
040 ## - CATALOGING SOURCE
Original cataloging agency DLC
Transcribing agency O
Modifying agency PPLT
-- DLC
042 ## -
-- premarc
050 00 -
-- BS2407
-- .J6
082 ## - DEWEY DECIMAL CLASSIFICATION NUMBER
Classification number 225.95
Item number JOH
100 1# - MAIN ENTRY--PERSONAL NAME
Personal name Johnston, George,
Dates associated with a name 1913-2004.
9 (RLIN) 13004
245 14 - TITLE STATEMENT
Title The secrets of the kingdom.
Statement of responsibility, etc. Illus. by Charles E. Hewins.
260 ## - PUBLICATION, DISTRIBUTION, ETC.
Place of publication, distribution, etc. Philadelphia,
Name of publisher, distributor, etc. Westminster Press
Date of publication, distribution, etc. [1954]
300 ## - PHYSICAL DESCRIPTION
Extent 222 p.
Other physical details illus.
Dimensions 22 cm.
630 00 - SUBJECT ADDED ENTRY--UNIFORM TITLE
Uniform title Bible.
Name of part/section of a work New Testament
General subdivision History of Biblical events.
9 (RLIN) 2473
906 ## - LOCAL DATA ELEMENT F, LDF (RLIN)
a 7
b cbc
c oclcrpl
d u
e ncip
f 19
g y-gencatlg
942 ## - ADDED ENTRY ELEMENTS (KOHA)
Source of classification or shelving scheme Dewey Decimal Classification
Koha item type Books
Koha issues (borrowed), all copies 2
Holdings
Withdrawn status Lost status Source of classification or shelving scheme Damaged status Not for loan Home library Current Library Shelving location Date acquired Total checkouts Full call number Barcode Date last seen Date last checked out Copy number Price effective from Koha item type
    Dewey Decimal Classification     GRACE BIBLE COLLEGE GRACE BIBLE COLLEGE Biblical Studies 2018-08-01 3 225.95 JOH 001602 2026-01-28 2026-01-27 c.1 2018-08-01 Books
© Grace Bible College Library 2025